Responses for Show #5589 - Thursday, December 18, 2008

Contestants

[<< previous game]

Milt Hathaway, a high school librarian originally from Newport, Rhode Island

Carrie Hotchkiss, a Montessori teaching assistant from Lawrenceville, New Jersey

Stevie Benson, a chocolatier from El Centro, California (whose 1-day cash winnings total $28,000)

[next game >>]

Jeopardy! Round responses

SANTA'S COMING
TV ROBOTS
THE BAYEUX TAPESTRY
SPOTTED CREATURES
SHADES OF GRAY & WHITE
PLANET "EARTH"
    $200 9
Polaroid

Stevie
    $200 1
Battlestar Galactica

Milt
    $200 3
Westminster Abbey

Milt
    $200 17
Dalmatians

Carrie
    $200 26
(Milt: What's a whiter shade of pale?)

platinum

StevieMilt
    $200 12
an earthquake

Stevie
    $400 22
a hairdryer

Carrie
    $400 2
The Jetsons

Milt
    $400 4
William the Conqueror

Stevie
    $400 18
a whale shark

Stevie
    $400 27
cream

Stevie
    $400 13
The Good Earth

Carrie
    $600 23
(Stevie: What is American Flyer?)

Radio Flyer

StevieCarrie
    $600 5
Star Trek: (The) Next Generation

Stevie
    $600 8
the Archbishop of Canterbury

Carrie
    $600 19
owl

Stevie
    $600 28
a slate

Stevie
    $600 14
(Carrie: What is Rare Earth?)

Earth, Wind & Fire

CarrieMilt
    $800 24
a grill (or barbecue)

Carrie
    $800 6
Lost in Space

Stevie
    $800 10
Hastings

Milt
    $800 20
a gecko

Milt
    $800 29
(Stevie: What is a shell?)
(Alex: Be more spe… no.)

an eggshell

StevieMilt
    $800 15
From (the) Earth to the Moon (or Journey to the Center of the Earth)

Stevie
    $1000 25
a watch

Milt
    $1000 7
(Milt: What is MST3… what is [*]?)

Mystery Science Theater 3000

Milt
    $1,000 11
Halley's Comet

Milt
    $1000 21
a marsupial

Stevie
    $1000 30
Ivory Coast

Milt
    $1000 16
the Garden of Earthly Delights

Milt

Scores at the first commercial break (after clue 12):

Stevie Carrie Milt
$2,200 $600 $3,600

Scores at the end of the Jeopardy! Round:

Stevie Carrie Milt
$4,800 $2,400 $8,600

Double Jeopardy! Round responses

LET'S GO TO SANTA
"IN" THE MOVIES
NOVELIST/POETS
PRESIDENTIAL SURNAMES
SYMPHONY FOR THE DEVIL
COUNTRY RHYME TIME
    $400 21
Santa Barbara (or Santa Cruz)

Stevie
    $400 11
Shakespeare in Love

Milt
    $400 6
(Carrie: Who is Elizabeth Barrett Browning?)

Charlotte Brontë

StevieCarrie
    $400 1
Marilyn Monroe

Triple Stumper
    $400 26
Jerry Springer

Triple Stumper
    $400 14
Turkey jerky

Milt
    $800 22
Santa Fe

Milt
    $800 12
Sleepless in Seattle

Milt
    $800 7
Robert Louis Stevenson

Stevie
    $800 2
(Ansel) Adams

Milt
    $800 27
Huxley

Stevie
    $800 15
an Iraq sack

Stevie
    $1200 23
Santa Monica Bay

Triple Stumper
    $1200 13
(Stevie: What is In the Wilderness?)

Into the Wild

StevieCarrie
    $4,000 8
(Stevie: Ohhh… [shakes head] I'm totally blank!)
(Alex: Sylvia Plath was the author, [*] was the work.)

The Bell Jar

Stevie
    $1200 3
(Booker T.) Washington

Milt
    $1200 28
Dvorak

Stevie
    $1200 16
Spain brain

Stevie
    $1600 24
Colombia

Milt
    $1600 19
Lost in Translation

Stevie
    $1600 9
(Herman) Hesse

Milt
    $1600 4
(Howard) Carter

Milt
    $1600 29
Orpheus

Stevie
    $4,800 17
a Namibia tibia

Stevie
    $2000 25
Santa Lucia

Stevie
    $2000 20
In the Line of Fire

Stevie
    $2000 10
(Milt: Who is Ivanhoe?)
(Carrie: Who is Lancelot?)

Lochinvar

CarrieMilt
Triple Stumper
    $2000 5
(Robert) Ford

Stevie
    $2000 30
the Flying Dutchman

Milt
    $2000 18
a Yemen lemon

Milt

Scores at the end of the Double Jeopardy! Round:

Stevie Carrie Milt
$19,200 $1,200 $19,800

[wagering suggestions for these scores]

Final Jeopardy! Round responses

HISTORIC AMERICAN QUOTATIONS
CarrieWho was Jefferson Davis?
$0
StevieWho is J. Davis Jefferson Da Lincoln
$19,000
MiltWho was Jefferson Davis?
$18,601
Jefferson Davis

Final scores:

Stevie Carrie Milt
$38,200 $1,200 $38,401
2nd place: $2,000 3rd place: $1,000 New champion: $38,401

Game dynamics:

Coryat scores:

Stevie Carrie Milt
$20,000 $1,200 $19,800
25 R
(including 1 DD),
4 W
(including 1 DD)
7 R,
3 W
23 R
(including 1 DD),
2 W

Combined Coryat: $41,000

[game clues] [game scores] [suggest correction]

Game tape date: 2008-10-20
The J! Archive is created by fans, for fans. Scraping, republication, monetization, and malicious use prohibited; this site may use cookies and collect identifying information. See terms. The Jeopardy! game show and all elements thereof, including but not limited to copyright and trademark thereto, are the property of Jeopardy Productions, Inc. and are protected under law. This website is not affiliated with, sponsored by, or operated by Jeopardy Productions, Inc. Join the discussion at JBoard.tv.